01047nam a2200301 i 450000100060000000300090000600500170001500700030003200800410003502000180007608000210009410000440011524501160015925000120027526000300028730000300031749000180034749000260036550500430039159900230043470000450045770000250050283000260052783000310055385200220058499900170060695201220062382021ES-MaACL20250618124650.0t|041118s2004 sp a |||| |dspa d a84-95498-77-4 a821.134.2-14"19"0 aGracia Trinidad, Enrique,d1950-95947710aContrafábula b: (poesía 1972-2004) / cEnrique Gracia Trinidad ; introducción de Luis Alberto de Cuenca. a1ª ed. aMadrid : bSial, c[2004] a350 p. : bil. ; c21 cm.1 aFugger libros1 aFugger poesía ; v58 aContiene: ; tLa pintura de Xu Zonghui ail. de Xu Zonghui.1 aCuenca, Luis Alberto de, d1950-92409081 aXu, Zonghui.91591510 aFugger libros91853800 aFugger poesíav59185381 aES-MaACLjL-28500 c82021d82021 00104070aATENEOMbATENEOMcDEPO2d2008-01-17eSCl0oL-28500p1085726r2023-02-23 00:00:00w2023-02-23yMONOGRAFIA